000 00565cam a22001932a 4500
001 016900
003 AR-FADEU
008 311216n1974####xxu####################dd
092 _a302.24
_bS334
100 _aSchiller, Herbert I.
245 _aLos manipuladores de cerebros : libre empresa, imperialismo y medios de comunicación
260 _aBuenos Aires
260 _bGranica
260 _c1974
300 _a237 p
440 _aLibertad y cambio
650 _aMEDIOS DE COMUNICACION; MANIPULACION; INDUSTRIA DEL CONOCIMIENTO; ENCUESTAS
942 _cBDGR
999 _c22652
_d22652